[Event "Challenge"]
[Site "http://www.queenalice.com/game.php?id=1516103"]
[Date "2018.2.15"]
[Round "-"]
[White "luisgalvao"]
[Black "gruppodilavoro"]
[Result "0-1"]
[WhiteElo "1296"]
[BlackElo "1759"]

1. d4 Nf6 2. f3 e6 3. c3 d5 4. e3 c5 5. h4 cxd4 6. Qxd4 Nc6 7. Bb5 Bd7 8. Qa4
Bd6 9. Bd2 Bg3+ 10. Ke2 O-O 11. c4 Be5 12. Qa3 d4 13. e4 Bc8 14. Bxc6 bxc6 15.
Kd3 Nh5 16. Bg5 f6 17. Bd2 Ng3 18. Rh3 Nf1 19. Be1 Ne3 20. g4 Nc2 21. Kxc2 d3+
22. Kb3 Qb6+ 23. Bb4 a5 24. f4 a4+ 25. Qxa4 Rxa4 0-1

[Event "Challenge"]
[Site "http://www.queenalice.com/game.php?id=1516526"]
[Date "2018.2.19"]
[Round "-"]
[White "modesto54"]
[Black "luisgalvao"]
[Result "1-0"]
[WhiteElo "1832"]
[BlackElo "1324"]

1. b4 b5 2. e4 e5 3. a4 a5 4. axb5 a4 5. c3 Bb7 6. d3 d5 7. Rxa4 Nd7 8. Nf3 dxe4
9. dxe4 Nb6 10. Rxa8 Qxa8 11. Qc2 Bxe4 12. Bd3 Bxd3 13. Qxd3 e4 14. Qe3 Be7 15.
Nd4 Nf6 16. O-O Ng4 17. Qf4 Nh6 18. Qxc7 Nd7 19. Nc6 Nf5 20. g4 Nd6 21. Nxe7
Kxe7 22. Bf4 Rc8 23. Qxd6+ Kd8 24. Rd1 Qa7 25. Qf8# 1-0

[Event "Challenge"]
[Site "http://www.queenalice.com/game.php?id=1517801"]
[Date "2018.2.28"]
[Round "-"]
[White "luisgalvao"]
[Black "modesto54"]
[Result "0-1"]
[WhiteElo "1322"]
[BlackElo "1834"]

1. d4 Nf6 2. Bg5 g6 3. d5 d6 4. Qd4 Bg7 5. e3 a6 6. Nc3 c6 7. e4 cxd5 8. Bxf6
Nc6 9. Bxg7 Nxd4 10. Bxd4 e5 0-1

[Event "Challenge"]
[Site "http://www.queenalice.com/game.php?id=1517949"]
[Date "2018.3.1"]
[Round "-"]
[White "modesto54"]
[Black "luisgalvao"]
[Result "1-0"]
[WhiteElo "1836"]
[BlackElo "1320"]

1. d4 d5 2. Nf3 Nf6 3. c4 dxc4 4. Nc3 a6 5. a4 Nd5 6. e4 Nxc3 7. bxc3 f5 8. Ne5
fxe4 9. Qh5+ g6 10. Nxg6 Bg7 11. Ne5+ 1-0

[Event "Challenge"]
[Site "http://www.queenalice.com/game.php?id=1518632"]
[Date "2018.3.6"]
[Round "-"]
[White "luisgalvao"]
[Black "modesto54"]
[Result "0-1"]
[WhiteElo "1318"]
[BlackElo "1856"]

1. d4 d5 2. Bf4 Bf5 3. Na3 Nc6 4. Qd2 e6 5. O-O-O Bb4 6. c3 Bd6 7. Bxd6 Qxd6 8.
e3 Nge7 9. Bd3 a6 10. Bxf5 Nxf5 11. Nf3 f6 12. h4 h5 13. c4 dxc4 14. Nxc4 Qb4
15. Qc2 Rd8 16. e4 Nfxd4 17. Nxd4 Nxd4 18. Rxd4 Rxd4 19. Na3 c6 20. Rd1 Rxd1+
21. Qxd1 Ke7 22. f3 Rd8 23. Qe2 Qc5+ 24. Nc4 Qg1+ 25. Kc2 b5 26. Nd2 Qc5+ 27.
Kb3 a5 28. a3 b4 29. Ka4 bxa3 30. bxa3 Qc2+ 0-1

[Event "Challenge"]
[Site "http://www.queenalice.com/game.php?id=1519193"]
[Date "2018.3.11"]
[Round "-"]
[White "modesto54"]
[Black "luisgalvao"]
[Result "1-0"]
[WhiteElo "1858"]
[BlackElo "1316"]

1. c4 d5 2. cxd5 Qxd5 3. Nc3 Qc6 4. d4 Nf6 5. e4 Nxe4 6. Qf3 Nxc3 7. Qxc3 Qxc3+
8. bxc3 e6 9. Nf3 f6 10. Bc4 Bd6 11. Rb1 a5 12. O-O O-O 13. Re1 b6 14. Bxe6+
Bxe6 15. Rxe6 Na6 16. a4 Rae8 17. Rxe8 Rxe8 18. Bd2 Re4 19. Re1 Rg4 20. h3 Rg6
21. Re8+ Kf7 22. Ra8 f5 23. Rxa6 f4 24. Ne5+ Bxe5 25. dxe5 f3 26. g3 Re6 27. Ra7
Rxe5 28. Rxc7+ Re7 29. Rxe7+ Kxe7 30. Be3 h5 31. Bxb6 g5 32. Bxa5 h4 33. Kf1 g4
34. gxh4 gxh3 35. Kg1 Ke6 36. Kh2 Kf5 37. Kxh3 Kf4 38. h5 Ke4 39. c4 Kd3 40. c5
Ke2 41. Kg3 Kf1 42. h6 Ke2 43. h7 Kf1 44. h8=Q Ke2 45. Qc3 1-0

[Event "OS INCLIVES"]
[Site "http://www.queenalice.com/game.php?id=1520126"]
[Date "2018.3.18"]
[Round "-"]
[White "adelio"]
[Black "luisgalvao"]
[Result "0-1"]
[WhiteElo "1661"]
[BlackElo "1314"]

1. d4 d5 2. e4 dxe4 3. Nc3 Bf5 4. g4 Bg6 5. h4 h5 6. Be2 hxg4 7. Bxg4 f5 8. Be2
e6 9. Bg5 Qd7 10. h5 Bf7 11. Nh3 Bb4 12. O-O a6 13. Nf4 Ne7 14. Bxe7 Bxe7 15.
Ng6 Bxg6 16. hxg6 Nc6 17. f3 e3 18. Bd3 f4 19. Ne4 Nxd4 20. c3 O-O-O 21. Qe1
Nxf3+ 22. Rxf3 Qxd3 23. Rxf4 e2 24. Qf2 e5 25. Rg4 Rdf8 26. Qg2 Qe3+ 27. Nf2 Bc5
28. Rf1 Qd2 29. Re4 exf1=Q+ 30. Qxf1 Bxf2+ 31. Kg2 Qg5+ 0-1

[Event "OS INCLIVES"]
[Site "http://www.queenalice.com/game.php?id=1520127"]
[Date "2018.3.18"]
[Round "-"]
[White "luisgalvao"]
[Black "adelio"]
[Result "1-0"]
[WhiteElo "1374"]
[BlackElo "1613"]

1. d4 d5 2. Nc3 e6 3. Nf3 Be7 4. h4 h5 5. Bg5 f6 6. Bf4 Nd7 7. Qd3 Nf8 8. a3 g5
9. hxg5 fxg5 10. Be5 Rh7 11. Qb5+ c6 12. Qa4 b5 13. Qb3 Ng6 14. a4 b4 15. Nb1
Rb8 16. Bxb8 Bb7 17. Bg3 a5 18. e3 Bf6 19. Bd3 N8e7 20. Nbd2 Nf5 21. Bxf5 exf5
22. Kf1 Ba6+ 23. Ke1 Re7 24. Rxh5 g4 25. Nh2 Qc8 26. Rh6 Rg7 27. e4 f4 28. e5
Bg5 29. Rh5 Qf5 30. Bh4 Nxh4 31. Rh8+ Kf7 32. g3 fxg3 33. Qxg3 Bxd2+ 34. Kxd2
Qg5+ 35. f4 gxf3+ 36. Qxg5 Rxg5 37. Rxh4 f2 38. Rf4+ Ke6 39. Rxf2 Rg3 40. Re1
Bc4 41. Rf6+ Kd7 42. e6+ Kc7 43. Rf7+ Kb6 44. Kd1 c5 45. dxc5+ Kxc5 46. e7 d4
47. e8=Q Bxf7 48. Qf8+ Kc6 49. Qxf7 Re3 50. Qc4+ Kb7 51. Qxd4 Rxe1+ 52. Kxe1 1-0

[Event "Challenge"]
[Site "http://www.queenalice.com/game.php?id=1520616"]
[Date "2018.3.21"]
[Round "-"]
[White "luisgalvao"]
[Black "modesto54"]
[Result "1-0"]
[WhiteElo "1344"]
[BlackElo "1860"]

1. d4 d5 2. e3 Nf6 3. Bd3 Nbd7 4. Qe2 a6 5. b4 a5 6. b5 b6 7. c4 Bb7 8. f3 c5 9.
dxc5 Nxc5 10. Nh3 dxc4 11. Bxc4 g6 12. e4 e5 13. O-O Bg7 14. Rd1 Qc7 15. Ng5 O-O
16. Nc3 Kh8 17. Ba3 Rfd8 18. Nxf7+ Qxf7 19. Bxf7 Bf8 20. Rxd8 Rxd8 21. Rd1 Rc8
22. Qf2 Kg7 23. Bc4 Ncd7 24. Bxf8+ Kxf8 25. Qe2 Nc5 26. Rd6 Ncd7 27. Nd5 Ke8 28.
Nxf6+ Nxf6 29. Rxf6 Rc7 30. Rxb6 Bc8 31. Rb8 Ke7 32. b6 Rd7 33. Rxc8 h5 34. Rc7
Rxc7 35. bxc7 Kd7 36. Qd2+ Kxc7 37. Qxa5+ Kd6 38. Qb6+ Ke7 39. a4 g5 40. a5 g4
41. fxg4 hxg4 42. a6 g3 43. a7 Kd7 44. a8=Q gxh2+ 45. Kxh2 1-0

[Event "Challenge"]
[Site "http://www.queenalice.com/game.php?id=1521524"]
[Date "2018.3.28"]
[Round "-"]
[White "modesto54"]
[Black "luisgalvao"]
[Result "1-0"]
[WhiteElo "1830"]
[BlackElo "1421"]

1. e4 d5 2. exd5 Qxd5 3. Nc3 Qd6 4. d4 Qf6 5. Nf3 c6 6. Bd3 h6 7. O-O g5 8. Re1
Bg4 9. Ne4 Qg6 10. Nc5 Qd6 11. Nxb7 Qc7 12. Nc5 Nd7 13. Nxd7 Qxd7 14. Be3 Nf6
15. h3 Be6 16. Ne5 Qc7 17. c3 Rd8 18. Qa4 Rd6 19. Rac1 h5 20. Bxg5 Nh7 21. Bh4
Nf6 22. Nf3 Bh6 23. Rc2 Kd7 24. Bg3 Bd5 25. Bxd6 exd6 26. Bf5+ Be6 27. Rce2 Bxf5
28. Re7+ Kc8 29. Rxc7+ Kxc7 30. Qxa7+ Kd8 31. Qb8+ Bc8 32. Qxd6+ Nd7 33. Ne5 Bd2
34. Nxc6# 1-0

[Event "Challenge"]
[Site "http://www.queenalice.com/game.php?id=1522126"]
[Date "2018.4.3"]
[Round "-"]
[White "luisgalvao"]
[Black "modesto54"]
[Result "0-1"]
[WhiteElo "1419"]
[BlackElo "1832"]

1. d4 Nf6 2. d5 d6 3. Bg5 h6 4. Bxf6 exf6 5. Nc3 g5 6. Nf3 Bf5 7. Nd4 Bg6 8. g4
Bg7 9. h4 gxh4 10. Rxh4 f5 11. gxf5 Qxh4 12. Ncb5 Bxd4 13. Nxd4 Bh5 14. Qd3 Nd7
15. b4 Rg8 16. Nb5 Rg1 17. Nxc7+ Ke7 18. Nxa8 Rxf1+ 19. Kd2 Rxa1 20. Qe3+ Kd8
21. Qxh6 Qd4# 0-1

[Event "Challenge"]
[Site "http://www.queenalice.com/game.php?id=1522420"]
[Date "2018.4.5"]
[Round "-"]
[White "modesto54"]
[Black "luisgalvao"]
[Result "1-0"]
[WhiteElo "1834"]
[BlackElo "1417"]

1. c4 d5 2. cxd5 Qxd5 3. Nc3 Qd8 4. d4 Nf6 5. e4 Ng4 6. Nf3 Nxf2 7. Kxf2 e6 8.
Bd3 e5 9. Nxe5 Be7 10. Rf1 Qxd4+ 11. Kf3 Qxe5 12. Bf4 Qh5+ 13. Kf2 Bc5+ 14. Ke1
Qh4+ 15. Bg3 Qh6 16. Bxc7 Na6 17. Bxa6 Bd7 18. Bc4 Qh4+ 19. Bg3 Qe7 20. Qf3 f6
21. Nd5 Bb4+ 22. Ke2 Rf8 23. Nc7+ Kd8 24. Nxa8 f5 25. Qd3 fxe4 26. Rxf8+ Qxf8
27. Qxe4 Bc6 28. Rd1+ Kc8 29. Be6+ 1-0

[Event "Challenge"]
[Site "http://www.queenalice.com/game.php?id=1522683"]
[Date "2018.4.7"]
[Round "-"]
[White "luisgalvao"]
[Black "modesto54"]
[Result "0-1"]
[WhiteElo "1413"]
[BlackElo "1838"]

1. Nc3 d5 2. d4 c5 3. dxc5 d4 4. Ne4 e5 5. Bd2 Nf6 6. Bg5 Be7 7. Nxf6+ Bxf6 8.
Bc1 Qa5+ 9. Bd2 Qxc5 10. b4 Qd6 11. e4 a6 12. Rb1 b5 13. Ra1 Nc6 14. a3 Bb7 15.
c3 O-O 16. c4 bxc4 17. Bxc4 Rac8 18. Bd3 Ne7 19. Qg4 Ng6 20. Rc1 Nf4 21. Bxf4
exf4 22. Rxc8 Rxc8 23. Ne2 Re8 24. Qf5 g6 25. Qxf4 Qxf4 26. Nxf4 Bxe4 27. Bxe4
Rxe4+ 28. Ne2 d3 29. Kd2 Rxe2+ 30. Kxd3 Rxf2 31. a4 Be7 32. Re1 Bxb4 33. Re8+
Kg7 34. Re4 a5 35. Re2 Rf1 36. Re4 Ra1 37. Rc4 Rxa4 0-1

[Event "Challenge"]
[Site "http://www.queenalice.com/game.php?id=1523223"]
[Date "2018.4.11"]
[Round "-"]
[White "modesto54"]
[Black "luisgalvao"]
[Result "1-0"]
[WhiteElo "1836"]
[BlackElo "1415"]

1. d4 d5 2. c4 dxc4 3. e3 h5 4. Bxc4 Bg4 5. Qb3 b6 6. Bxf7+ Kd7 7. Qd5+ Kc8 8.
Qxa8 Nf6 9. Qxa7 Kd7 10. Qa4+ Nc6 11. d5 b5 12. Qxb5 e6 13. Qxc6+ Kc8 14. Bxe6+
Kb8 15. Nc3 Bxe6 16. dxe6 Ka7 17. Nb5+ Kb8 18. Qa6 Bb4+ 19. Ke2 Re8 20. Qa7+ 1-0

[Event "Challenge"]
[Site "http://www.queenalice.com/game.php?id=1524733"]
[Date "2018.4.23"]
[Round "-"]
[White "modesto54"]
[Black "luisgalvao"]
[Result "1-0"]
[WhiteElo "1850"]
[BlackElo "1411"]

1. e4 e5 2. Nf3 d6 3. Bc4 Bg4 4. O-O Bh5 5. c3 Qd7 6. a4 f5 7. exf5 Bxf3 8. Qxf3
h5 9. Qxb7 Qd8 10. Qxa8 Rh6 11. Qd5 c6 12. Qf7# 1-0

[Event "Challenge"]
[Site "http://www.queenalice.com/game.php?id=1524734"]
[Date "2018.4.23"]
[Round "-"]
[White "luisgalvao"]
[Black "modesto54"]
[Result "0-1"]
[WhiteElo "1409"]
[BlackElo "1852"]

1. d4 Nf6 2. e3 d5 3. Nc3 e6 4. Na4 b6 5. Qe2 Qd7 6. b4 Bxb4+ 7. Bd2 Bxd2+ 8.
Qxd2 Qxa4 9. Ke2 Ne4 10. Qd3 Ba6 11. c4 Bxc4 12. Rd1 Bxd3+ 13. Rxd3 Qxa2+ 14.
Kf3 Qxf2+ 0-1

[Event "Challenge"]
[Site "http://www.queenalice.com/game.php?id=1573918"]
[Date "2019.6.10"]
[Round "-"]
[White "gruppodilavoro"]
[Black "luisgalvao"]
[Result "1-0"]
[WhiteElo "1958"]
[BlackElo "1428"]

1. g4 g5 2. Bg2 d5 3. Nc3 c6 4. h4 h5 5. hxg5 h4 6. f3 e5 7. d4 Bb4 8. dxe5 d4
9. a3 Ba5 10. b4 Bb6 11. Ne4 a5 12. g6 fxg6 13. Nh3 axb4 14. Nd6+ Ke7 15. Bg5+
Nf6 16. Bxf6+ Ke6 17. Bxd8 Rxd8 18. Qd3 Kxe5 19. Qxg6 Rxd6 20. f4# 1-0

[Event "Challenge"]
[Site "http://www.queenalice.com/game.php?id=1573919"]
[Date "2019.6.10"]
[Round "-"]
[White "luisgalvao"]
[Black "gruppodilavoro"]
[Result "0-1"]
[WhiteElo "1426"]
[BlackElo "1979"]

1. e4 e6 2. d4 d5 3. e5 c5 4. c4 Ne7 5. Na3 Nf5 6. Nc2 Nc6 7. Nf3 cxd4 8. Nfxd4
Nfxd4 9. Nxd4 Nxe5 10. cxd5 Qxd5 11. Bb5+ Nd7 12. Be3 Qxg2 13. Ke2 a6 14. Bxd7+
Bxd7 15. Qg1 Qh3 16. a4 e5 17. Qg3 Qxg3 18. fxg3 exd4 19. Bxd4 f6 20. Rhe1 Kf7
21. Rad1 Bb4 22. Bc3 Bg4+ 23. Kd3 Bxd1 24. Bxb4 Rhd8+ 25. Kc3 Rac8+ 0-1